| 000 | 00435nam a2200181Ia 4500 | ||
|---|---|---|---|
| 003 | GCL | ||
| 040 |
_aGCL / _cGCL |
||
| 082 | 0 | 4 |
_aCH _b833 _bD D |
| 100 | 1 | _aDISNEY, WALT | |
| 245 | 1 | 0 |
_aDIE SCHONE UND DOS BIEST / _cDISNEY, WALT |
| 260 |
_a[S.N] : _bPESTALOZZI- VERLAG ، _c1992 |
||
| 650 | 0 | 4 | _aLITERATURE |
| 650 | 0 | 4 | _aCHILDREN |
| 650 | 0 | 4 | _aFICTION |
| 650 | 0 | 4 | _aGERMAN FICTION |
| 650 | 0 | 4 | _aGERMAN LITERATURE |
| 942 |
_2ddc _cBK |
||
| 999 |
_c18376 _d18376 |
||